| 000 | 00593nam a22001817a 4500 | ||
|---|---|---|---|
| 003 | OSt | ||
| 005 | 20250828075716.0 | ||
| 008 | 250828b |||||||| |||| 00| 0 eng d | ||
| 020 | _a0-415-36837-5 | ||
| 040 | _cOC | ||
| 082 | _aCirc. 418.0071 Su942 2005 | ||
| 245 | _aSuccess with languages | ||
| 260 |
_aNew York : _bRoutledge, _cc2005 |
||
| 300 |
_axiii, 238 pages : _c23 cm. |
||
| 504 | _aIncludes bibliographical references and index | ||
| 650 | _2Language & languages self instruction | ||
| 942 |
_2ddc _cBK-CIRC _hCirc. 418.0071 Su942 2005 _kCirc. _n0 |
||
| 999 |
_c4318 _d4318 |
||